| 000 | 00660nam a22002177a 4500 | ||
|---|---|---|---|
| 003 | OSt | ||
| 005 | 20131108085120.0 | ||
| 008 | 131029b2000 mex spa | ||
| 020 | _a970-10-3001-X | ||
| 040 |
_cBMC _aBMC |
||
| 082 | _a658.152 | ||
| 100 | 1 |
_96165 _aBaca Urbina, Gabriel |
|
| 245 | 1 | 0 |
_aEvaluación de proyectos _cGabriel Baca Urbina ; revisión técnica, Lourdes Arellano Bolio |
| 250 | _a4ª ed | ||
| 260 |
_aMéxico, D.F. [etc.] _bMcGraw-Hill _c2000 |
||
| 300 |
_aXX, 383 p. _bil., gráf. _c23 cm |
||
| 500 | _aÍndice p. [373-383] | ||
| 650 | 2 | 4 |
_96014 _aEvaluación de proyectos |
| 700 | 1 |
_98603 _aArellano Bolio, Lourdes |
|
| 942 |
_2ddc _cBK |
||
| 999 |
_c3805 _d3805 |
||